Online Catalogue and eLibrary

Memory and Message: (Record no. 1092)

MARC details
000 -LEADER
fixed length control field 00545nam a2200181Ia 4500
005 - DATE AND TIME OF LATEST TRANSACTION
control field 20250320045613.0
008 - FIXED-LENGTH DATA ELEMENTS--GENERAL INFORMATION
fixed length control field 240331s9999 xx 000 0 und d
020 ## - INTERNATIONAL STANDARD BOOK NUMBER
ISBN 9559512803
082 ## - DDC Classification
Class No. 302.2
Item Number - Author Mark MAH
DDC Edition Number 195
100 ## - MAIN ENTRY--PERSONAL NAME
Personal name Mahendra, S
245 #0 - TITLE STATEMENT
Title Memory and Message:
Remainder of title Notes on Communication, Development and the Growth of Mass Communication systems in Sri Lanka
260 ## - PUBLICATION, DISTRIBUTION, ETC.
Place of publication, distribution, etc. Rajagiriya
Name of publisher, distributor, etc. Susitha Industrial Printers
Date of publication, distribution, etc. 1986
300 ## - PHYSICAL DESCRIPTION
Extent (e.g. Volumes, Pages etc.) 100 p.,
650 ## - SUBJECT ADDED ENTRY--TOPICAL TERM
Topical term or geographic name entry element Communication
650 ## - SUBJECT ADDED ENTRY--TOPICAL TERM
Topical term or geographic name entry element Development
650 ## - SUBJECT ADDED ENTRY--TOPICAL TERM
Topical term or geographic name entry element Entertainment
942 ## - Koha item type (Biblio)
Koha item type Books in Stacks (Lending)
Holdings
Lost status Damaged status Collection code Home library Current library Shelving location Date acquired Full call number Accession Number Item type
    Lending WERC Library WERC Library Social Science Cupboard 03/31/2024 302.2 MAH 195 Books in Stacks (Lending)

© WERC Library